000 01021cam a22002777a 4500
001 17918067
005 20230530102303.0
008 131025s2011 gw a b 001 0 eng d
010 _a 2013427998
020 _a9783642163128 (alk. paper)
020 _a3642163122 (alk. paper)
020 _a9783642163135 (eISBN)
035 _a(OCoLC)ocn668190653
040 _aBTCTA
_beng
_cBTCTA
_dYDXCP
_dCOO
_dCDX
_dBWX
_dMUU
_dY@Z
_dDLC
042 _alccopycat
050 0 0 _aQA 276.4 .V37 2011
100 1 _aVasishth, Shravan,
_d1964-
245 1 4 _aThe foundations of statistics :
_ba simulation-based approach /
_cShravan Vasishth, Michael Broe.
260 _aHeidelberg ;
_aNew York :
_bSpringer,
_cc2011.
300 _axv, 178 p. :
_bill. ;
_c25 cm.
504 _aIncludes bibliographical references and index.
650 0 _aMathematical statistics
_xSimulation methods.
650 0 _aMathematical statistics
_xComputer simulation.
700 1 _aBroe, Michael B.
942 _2lcc
_cBOOKS
_hQA 276.4 .V37 2011
999 _c31566
_d31566